| 000 | 00485nam a2200169Ia 4500 | ||
|---|---|---|---|
| 008 | 210719s2005 xx 000 0 und d | ||
| 020 | _a8174760830 | ||
| 041 | _aeng | ||
| 082 | _a822.33T2 BHAS | ||
| 100 | _aBHATIA (Praveen) | ||
| 245 | _aShakespeare William: Julius Caesar. | ||
| 260 |
_aNew Delhi _bUBS Publishers Distributors Private Limited _c2005 |
||
| 300 |
_axii,418 _bPB |
||
| 365 |
_b115 _cRs |
||
| 650 | _aEnglish Criticism | ||
| 906 | _aShakespeare William Julius Caesar | ||
| 999 |
_c214334 _d214334 |
||